01050nam a2200277Ia 4500001001200000003000800012006001900020007001500039008004100054020001500095020001800110020001800128040002100146035002100167050002700188245007800215260006400293300001000357533015200367650002700519650002800546655002900574700002600603710001700629856012600646ebr10567138CaPaEBRm u cr cn|||||||||981009s1999 enk s 000 0 eng d z1853964409 z9781446266281 z9781853963971 aCaPaEBRcCaPaEBR a(OCoLC)60789233514aLB1139.23b.Y68 1999eb00aYoung children learningh[electronic resource] /cedited by Tricia David. aLondon :bPaul Chapman ;aThousand Oaks, CA :bSAGE,c1999. a224p. aElectronic reproduction.bPalo Alto, Calif. :cebrary,d2011.nAvailable via World Wide Web.nAccess may be limited to ebrary affiliated libraries. 0aCognition in children. 0aEducational psychology. 7aElectronic books.2local1 aDavid, Tricia,d1942-2 aebrary, Inc.40uhttp://site.ebrary.com/lib/rucke/Doc?id=10567138zAn electronic book accessible through the World Wide Web; click to view